Diferencias individuales en el aprendizaje: personalidad y rendimiento escolar
Saved in:
| Hovedforfatter: | |
|---|---|
| Format: | Bog |
| Sprog: | spansk |
| Udgivet: |
Madrid
Narcea
2001
|
| Udgivelse: | 1a. ed |
| Serier: | Educación Hoy. Estudios
|
| Fag: | |
| Tags: |
Tilføj Tag
Ingen Tags, Vær først til at tagge denne postø!
|
MARC
| LEADER | 00000nam a2200000 a 4500 | ||
|---|---|---|---|
| 001 | UCJ2586 | ||
| 003 | CL-VaPUC | ||
| 008 | 070104e20010000SP |||||||||||||||||spa|d | ||
| 020 | |a 8427713657 | ||
| 082 | 0 | 4 | |a 371.92 |b CRO |2 21 |
| 100 | 0 | |a Crozier, W. Ray |e author |9 503541 | |
| 245 | 1 | 0 | |a Diferencias individuales en el aprendizaje: personalidad y rendimiento escolar |
| 250 | |a 1a. ed | ||
| 300 | |a 266 p | ||
| 942 | |c BK | ||
| 945 | |d 20070104 00:00:00 |a cmena | ||
| 260 | |a Madrid |b Narcea |c 2001 | ||
| 650 | 0 | |a Trastornos del aprendizaje |9 307969 | |
| 650 | 0 | |a Aprendizaje |9 254827 | |
| 650 | 0 | |a Psicología del desarrollo |9 307541 | |
| 650 | 0 | |a Rendimiento escolar |9 330254 | |
| 650 | 0 | |a Educación especial |9 307486 | |
| 650 | 0 | |a Psicología del aprendizaje |9 306854 | |
| 583 | |a last modification |c 20070104 00:00:00 |k Rodrigo Vera | ||
| 490 | 0 | |a Educación Hoy. Estudios | |
| 999 | |c 318786 |d 318784 | ||
| 952 | |0 0 |1 0 |4 0 |6 371_920000000000000_CRO_2001 |7 0 |8 A |9 396909 |a BIBEDU |b BIBEDU |d 2019-11-22 |i 4309537 |o 371.92 CRO 2001 |p 4309537 |r 2019-11-22 |w 2019-11-22 |y BK |k EDI | ||
| 952 | |0 0 |1 0 |4 0 |6 371_920000000000000_CRO_2001 |7 0 |8 A |9 396910 |a BIBEDU |b BIBEDU |d 2019-11-22 |i 4309545 |o 371.92 CRO 2001 |p 4309545 |r 2019-11-22 |w 2019-11-22 |y BK |k EDI | ||